000
00341nam a2200133Ia 4500
008
231017s9999 xx 000 0 und d
082
_a
625.85
082
_b
PAV
245
0
_a
Procedures for US Army and US Air Force Airfield Pavement Condition Surveys - Jul 1989
245
0
_c
NCHRP
260
_b
NCHRP
300
_c
30cm
942
_c
REP
999
_c
604763
_d
604763